| 000 -LEADER |
| fixed length control field |
00782cam a2200265 a 4500 |
| 001 - CONTROL NUMBER |
| control field |
132052 |
| 003 - CONTROL NUMBER IDENTIFIER |
| control field |
OSt |
| 005 - DATE AND TIME OF LATEST TRANSACTION |
| control field |
20180921 |
| 008 - FIXED-LENGTH DATA ELEMENTS--GENERAL INFORMATION |
| fixed length control field |
0000001956 AN 0000000000 00 |
| 040 ## - CATALOGING SOURCE |
| Original cataloging agency |
DLC |
| Transcribing agency |
DLC |
| 100 ## - ASIENTO PRINCIPAL -- NOMBRE PERSONAL |
| Personal name |
Zeuner, F. E. |
| 245 ## - TÍTULO PROPIAMENTE DICHO: SUBTÍTULO |
| Title |
Geocronología : la adaptación del pasado. una introducción a la cronología prehistórica / |
| Statement of responsibility, etc. |
Geocronología : la adaptación del pasado. una introducción a la cronología prehistórica / |
| 260 ## - PUBLICATION, DISTRIBUTION, ETC. |
| Place of publication, distribution, etc. |
Barcelona : |
| Name of publisher, distributor, etc. |
Omega |
| 300 ## - PHYSICAL DESCRIPTION |
| Extensión |
xii; 524,[27] |
| 505 ## - NOTA DE CONTENIDO |
| Formatted contents note |
Incluye bibliografía e índice |
| 650 ## - ASIENTO SECUNDARIO DE MATERIA -- TERMINO TEMÁTICO |
| Termino Temático Como Elemento de Entrada |
CRONOLOGIA GEOLOGICA |
| -- |
GEOLOGÍA HISTORICA |
| 700 ## - ASIENTO SECUNDARIO -- NOMBRE PERSONAL |
| Personal name |
I. Gómez - Tabanera, José Manuel |
| -- |
prol |
| -- |
vers. esp. Almagro Basch, Martin |
| 942 ## - ADDED ENTRY ELEMENTS (KOHA) |
| Source of classification or shelving scheme |
|
| Koha item type |
Libros |